00295nam a2200109Ia 4500008004100000100002600041245003100067260004300098650002000141942000700161999001700168190216s9999||||xx |||||||||||||| ||und|| aParemeswaran Nair P K 0aAdunika Malayala Sahithyam bSahithya Pravarthaka Sahakarana Sangam aEssay Malayalam cBK c26343d26343